000 00637nam a22002052 4500
001 0000024237
005 20151217145946.0
008 130620s xx 000 0 eng d
020 _a0521606363 :
040 _aKABU
_cKABU
245 1 0 _aEcological census techniques :
_ba handbook /
_cedited by William J. Sutherland.
250 _a2nd ed.
260 _aCambridge :
_bC. U. P.,
_c2006.
300 _axv, 432 p.
650 0 _aEcological survey
_xMethodology.
_@0000184222
710 2 _aSutherland, William J.
_@0000184223
852 1 _9p5975 KES
908 _a130620
950 _@1
999 _c4495
_d4495